000 01074nam a2200301Ia 4500
003 OSt
005 20221007123425.0
006 a|||||r|||| 00| 0
007 ta
008 221006b |||||||| |||| 00| 0 eng d
020 _a9971514044(V 2) (pbk)
_c
_ 8.90
024 _a11112
037 _bMonika,
_cTextual
040 _aPAPL
_cPAPL
_beng
041 _2eng
_aeng
082 _aC, P2.2
100 _aResnick Robert
245 0 _aPhysics by Robert Resnick and others
_b Halliday David Krane Kenneth S
250 _aEd 5
260 _aNew
_bYork John Wiley Sons, Inc.
_c2002
490 _vV 2: (xiv, 567-1198p), Appendix (A-J, A1-A25p), Index (I1-I9p)
500 _a23/CSL/CARPA/2003-2004/969^d2003-11-10^mPurchase; ; 2003-04/508^b2003-11-24^c505^d2003-11-17^eRs.7,403.00^fMonika Book Distributors; ; 2004-01-08^bSB^c2004-01-08^dVinay
650 _aPhysics
700 _a Halliday David
700 _a Krane Kenneth S
942 _hC, P2.2
_cTEXL
_2CC
999 _c1211852
_d1211852